00529 2200181 4500001002100000005001500021008004100036020001800077035001900095041000700114082001400121090002000135100002500155245008500180260002900265300002900294650002400323INLIS00000000001384020241224114630241224||||||||| | ||| |||| || |  a979-7564-53-0 0010-1224013840 aid0 a355.021.3 a355.021.3 DWI m0 adwi pratomo yulianto00aMiliter dan Kekuasaan (Puncak-puncak Krisis Hubungan Sipil-Militer di Indonesia) aYogyakartabnarasic2005 a21x14,5 cm, xvi, 395hlm; 0aadministrasi negara